000
00249nam a2200109Ia 4500
008
200302s9999 xx 000 0 und d
100
_a
Atul deulgaonkar
245
_a
Laurie Baker
260
_b
Milind L. Paranjape
260
_c
2016
300
_a
196 P.,
999
_c
4221
_d
4221